000 00740nas a2200229 4500
001 BR0702835
003 BR-BrBNA
005 20231205110827.0
007 ta
008 230509b bl.|||p| |||| 00| 00por d
040 _aBR-BrBNA
_bpor
_cBiblioteca Nacional de Agricultura
041 _a(Pt)
072 _aE14
100 1 _aLopes, I.G.V.
245 1 _aPolítica de intervenção do governo na agricultura
650 _aPOLÍTICA AGRÍCOLA
650 _aPOLÍTICA GOVERNAMENTAL
773 0 _tRevista de Política Agrícola (Brazil)
_xISSN 1413-4969
_g(Feb 1992), v. 1(1) p. 7-8
_wBR0702835
856 4 _uRev_Pol_Agr_v1_n1-1992.pdf#page=7
_yRecurso eletrônico (PDF)
909 _a202311
_bLúcia
_c55
_dLúcia Elande
942 _2AGRIS
_n0
_cANA
999 _c189289
_d189289